Normes subsidiàries de planejament dels municipis de Fornells de la Selva, Girona, Quart d'Onyar, Sant Gregori, Sant Julià de Ramis i Vilablareix ... / Generalitat de Catalunya. Departament de Política Territorial i Obres Públiques. Direcció General d'Urbanisme
Descripción Física:
164 p. ; 21 cm
Colección:
Normes ; 1
Materias:
Urbanisme -- Girona (Província)
MARC
| LEADER | 00000nam a2200000Ia 4500 | ||
|---|---|---|---|
| 001 | 1492 | ||
| 008 | 160829s1983 xx 000 0 cat d | ||
| 080 | |a B-1-350 | ||
| 100 | |a Catalunya. Direcció General d'Urbanisme |9 19611 | ||
| 245 | |a Normes subsidiàries de planejament dels municipis de Fornells de la Selva, Girona, Quart d'Onyar, Sant Gregori, Sant Julià de Ramis i Vilablareix ... / Generalitat de Catalunya. Departament de Política Territorial i Obres Públiques. Direcció General d'Urbanisme | ||
| 260 | |a Barcelona : |b [la Direcció General], |c 1983 | ||
| 300 | |a 164 p. ; |c 21 cm | ||
| 490 | |a Normes ; 1 | ||
| 650 | |a Urbanisme |x Girona (Província) |9 21154 | ||
| 901 | |a Arxiu | ||
| 942 | |n 1 | ||
| 952 | |0 0 |1 0 |4 0 |6 B1350 |7 1 |9 41807 |a Arxiu |b Arxiu |d 2016-12-01 |l 0 |o B-1-350 |p 1492 |r 2016-12-01 00:00:00 |w 2016-12-01 |y ARXIU | ||
| 999 | |c 43730 |d 43730 | ||